000 00788nam a2200181Ia 4500
008 090124s9999 xx 000 0 und d
082 _b45665
_a81-7434-375-x
100 _aगोडबोले अरुण
245 _a" युनायटेड वेस्टर्न बॅक उदय ,उत्कर्ष आणि अस्त"
250 _a1
260 _c2007
300 _a219+10
600 _aगोडबोले अरुण
630 _a" युनायटेड वेस्टर्न बॅक उदय ,उत्कर्ष आणि अस्त"
700 _aगोडबोले अरुण
730 _a" युनायटेड वेस्टर्न बॅक उदय ,उत्कर्ष आणि अस्त"
942 _cBOOK
999 _c112088
_d112088